Кристаллическая структура минералов: пер. с англ.

Dettagli Bibliografici
Autore principale: Брэгг У. Л.
Altri autori: Кларингбулл Г. Ф.
Riassunto:Предлагаемой вниманию читателей книгой У. Л. Брэгга и Г. Ф. Кла-рингбулла "Кристаллическая структура минералов" геологическая редакция издательства "Мир" открывает публикацию подписной серии под названием "Науки о Земле. Фундаментальные труды зарубежных ученых по геологии, геофизике и геохимии". Предполагается, что серия будет многотомной. Распространение книг будет производиться по подписке — выборочно или на всю серию в целом в зависимости от желания подписчика. Это позволит установить тиражи в соответствии с действительным спросом на каждую данную книгу. Таким образом, советские ученые, занимающиеся науками о Земле, смогут более широко ознакомиться с самыми интересными и важными работами иностранных авторов. Подробные проспекты о книгах серии, выходящих в 1967 г., можно получить в магазинах подписных изданий. Начиная выпуск этой серии, геологическая редакция надеется, что, как и в прошлом, она будет получать помощь со стороны геологической общественности нашей страны в виде советов, критических замечаний, пожеланий. Всю корреспонденцию подобного рода просим направлять по адресу: Москва, И-278, 1-й Рижский пер., 2, издательство "Мир", редакция литературы по вопросам геологических наук.
Lingua:russo
Pubblicazione: Москва, Мир, 1967
Serie:Науки о Земле. Фундаментальные труды зарубежных ученых по геологии, геофизике и геохимии
Soggetti:
Natura: MixedMaterials Libro
KOHA link:https://koha.lib.tpu.ru/cgi-bin/koha/opac-detail.pl?biblionumber=85963

MARC

LEADER 00000nam0a2200000 4500
001 85963
005 20231101213442.0
035 |a (RuTPU)RU\TPU\book\92342 
090 |a 85963 
100 |a 20051121d1967 km y0rusy50 ca 
101 1 |a rus  |c eng 
102 |a RU 
105 |a a z 001zy 
200 1 |a Кристаллическая структура минералов  |e пер. с англ.  |f У. Л. Брэгг, Г. Ф. Кларингбулл 
210 |a Москва  |c Мир  |d 1967 
215 |a 390 с.  |c ил. 
225 1 |a Науки о Земле. Фундаментальные труды зарубежных ученых по геологии, геофизике и геохимии 
317 |5 63413507: КР-329  |a Поступила в НТБ в 2004 г. в составе книжного собрания профессора ТПИ К. В. Радугина. 
320 |a Библиография в конце глав. 
320 |a Предметный указатель: с. 383-389 
330 |a Предлагаемой вниманию читателей книгой У. Л. Брэгга и Г. Ф. Кла-рингбулла "Кристаллическая структура минералов" геологическая редакция издательства "Мир" открывает публикацию подписной серии под названием "Науки о Земле. Фундаментальные труды зарубежных ученых по геологии, геофизике и геохимии". Предполагается, что серия будет многотомной. Распространение книг будет производиться по подписке — выборочно или на всю серию в целом в зависимости от желания подписчика. Это позволит установить тиражи в соответствии с действительным спросом на каждую данную книгу. Таким образом, советские ученые, занимающиеся науками о Земле, смогут более широко ознакомиться с самыми интересными и важными работами иностранных авторов. Подробные проспекты о книгах серии, выходящих в 1967 г., можно получить в магазинах подписных изданий. Начиная выпуск этой серии, геологическая редакция надеется, что, как и в прошлом, она будет получать помощь со стороны геологической общественности нашей страны в виде советов, критических замечаний, пожеланий. Всю корреспонденцию подобного рода просим направлять по адресу: Москва, И-278, 1-й Рижский пер., 2, издательство "Мир", редакция литературы по вопросам геологических наук. 
606 1 |a Минералы  |x Кристаллическая структура  |2 stltpush  |3 (RuTPU)RU\TPU\subj\43952  |9 63364 
610 1 |a геология 
610 1 |a геохимия 
610 1 |a геофизика 
610 1 |a галоиды 
610 1 |a окислы 
610 1 |a кислородные соединения 
610 1 |a силикаты 
610 1 |a владельческие знаки 
610 1 |a библиотека К. В. Радугина 
675 |a 548.736  |v 3 
700 1 |a Брэгг  |b У. Л. 
701 1 |a Кларингбулл  |b Г. Ф. 
801 1 |a RU  |b 63413507  |c 20051121  |g PSBO 
801 2 |a RU  |b 63413507  |c 20220804  |g PSBO 
942 |c BK